| 000 | 00900nam0a2200265 4500 | ||
|---|---|---|---|
| 001 | RU\NLR\bibl\1269167 | ||
| 005 | 20260406045017.0 | ||
| 010 |
_a978-5-486-02125-1 _97000 |
||
| 021 |
_aRU _b2008-53046 _92937 |
||
| 035 | _a(NLR Aleph) 001255060 | ||
| 090 |
_a343400 _c343400 |
||
| 100 | _a20080903d2008 |||y0rusy50 ca | ||
| 101 | 1 |
_arus _cger |
|
| 102 | _aRU | ||
| 105 | _ay ||||||||| | ||
| 200 | 1 |
_aЦарица Савская и Соломон _e[роман] _fЗигфрид Обермайер _g[пер. с нем. Е.К. Турчаниновой] |
|
| 210 |
_aМосква _cМир книги _d2008 |
||
| 215 |
_a302, [1] с. _d21 |
||
| 686 | _aШ6(4Ф)07-442{Лх1359.2-51} | ||
| 700 | 1 |
_4070 _8rus _7ca _aОбермайер _bЗ. _gЗигфрид _3RU\NLR\auth\774771 _9114746 |
|
| 801 | 0 |
_aRU _bNLR _c20080903 _gRCR |
|
| 801 | 1 |
_aRU _bNLR _c20080903 |
|
| 942 | _cBOOK | ||
| 980 | _aNB | ||